Μισθωτή εργασία : ασφάλιση και μορφές κοινωνικής ανισότητας στην Ελλάδα την περίοδο της κρίσης (2008-2014) : ο κύκλος των χαμένων ευκαιριών υπό το φως των μνημονίων συνεργασία μεταξύ Ελλάδας, ευρωπαϊκών θεσμικών οργάνων και Διεθνούς Νομισματικού Ταμείου : διπλωματική εργασία

Αποθηκεύτηκε σε:
Λεπτομέρειες βιβλιογραφικής εγγραφής
Κύριος συγγραφέας: Τσακίρη, Αργυρή
Συγγραφή απο Οργανισμό/Αρχή: Πανεπιστήμιο Αιγαίου. Σχολή Κοινωνικών Επιστημών. Τμήμα Κοινωνιολογίας. Μεταπτυχιακό Πρόγραμμα Σπουδών Ευρωπαϊκές Κοινωνίες και Ευρωπαϊκή Ολοκλήρωση
Μορφή: Thesis Βιβλίο
Γλώσσα:Greek
Δημοσίευση: 2016.
Θέματα:
Διαθέσιμο Online:http://hdl.handle.net/11610/17232
Ετικέτες: Προσθήκη ετικέτας
Δεν υπάρχουν, Καταχωρήστε ετικέτα πρώτοι!

MARC

LEADER 00000cam a2200000 a 4500
001 1/114889
008 170912s2016####gr | ||| |||| ||gre||
040 |a GR-MyUa  |b gre  |c GR-MyUa  |e AACR2 
041 0 |a gre 
082 7 |a 330.9495  |2 (23) 
100 1 |a Τσακίρη, Αργυρή. 
245 1 0 |a Μισθωτή εργασία :   |b ασφάλιση και μορφές κοινωνικής ανισότητας στην Ελλάδα την περίοδο της κρίσης (2008-2014) : ο κύκλος των χαμένων ευκαιριών υπό το φως των μνημονίων συνεργασία μεταξύ Ελλάδας, ευρωπαϊκών θεσμικών οργάνων και Διεθνούς Νομισματικού Ταμείου : διπλωματική εργασία /   |c της Τσακίρη Αργυρής ; επιβλέπων καθηγητής : Γρηγορίου Παναγιώτης.  
260 |c 2016.  
300 |a 133 σ. ; διαγρ., πιν., ;   |c 30 εκ.  
502 |a Διατριβή (μεταπτυχιακή) - Πανεπιστήμιο Αιγαίου, Λέσβος, 2016.  
504 |a Περιλαμβάνει βιβλιογραφία και παράρτημα.  
506 0 |a Ηλεκτρονική διάθεση στο πλήρες κείμενο - ελεύθερης πρόσβασης.  
540 |a Κλειδωμένη η δυνατότητα αντιγραφής (copy) από το ηλεκτρονικό κείμενο.  
650 0 |a Labor economics  |z Greece. 
650 0 |a Social security  |z Greece. 
650 0 |a Wages  |z Greece. 
650 0 |a Financial crises  |z Greece. 
651 0 |a Greece  |x Economic conditions  |y 21st century. 
700 1 |a Γρηγορίου, Παναγιώτης Γ.  |e dgs 
710 2 |a Πανεπιστήμιο Αιγαίου.   |b Σχολή Κοινωνικών Επιστημών.   |b Τμήμα Κοινωνιολογίας.   |b Μεταπτυχιακό Πρόγραμμα Σπουδών Ευρωπαϊκές Κοινωνίες και Ευρωπαϊκή Ολοκλήρωση. 
852 |a INST  |b LESVOS  |c DIATR  |e 20170912  |h 115  |p 005100059913  |q 005100059913  |t MTXE  |y 23 
856 |u http://hdl.handle.net/11610/17232 
924 |a Τσακίρη  |b Αργυρή  |y Λέσβος  |z 2016-11 
970 |a Πατσή   |b Ανθίππη  |z 12-09-2017